00603nam a22001937a 450000500170000001000220001702000260003903500170006503500140008203700200009603700130011608200120012910000250014124501020016626000370026827000630030530000210036850000200038920170628115046.0 a1617EN ENG-118978 a9788178244693c795.00 aB-647790-796 aEN-102510 adpl bBookwell  bDBAD/PUB a907.202 aChakrabarty, Dipesh  aThe calling of history : cby Dipesh Chakrabarty bSir Jadunath Sarkar and his empire of truth /  aRanikhetbPermanent Black c2015 aHimalayana, Mall Road, Ranikhet Cantt. bRanikhet e263645 a304p. c23cm(Hb) aIncludes index